Fundamentos de biología celular y molecular /
Guardado en:
| Autor Principal: | |
|---|---|
| Otros Autores: | |
| Formato: | Libro |
| Publicado: |
Buenos Aires :
El Ateneo
|
| Edición: | 4a. ed. |
| Materias: | |
| Etiquetas: |
Agregar Etiqueta
Sin Etiquetas, Sea el primero en etiquetar este registro!
|
| LEADER | 01527nam a22002295a 4500 | ||
|---|---|---|---|
| 001 | CEM.cems011833 | ||
| 005 | 20070629161254.0 | ||
| 008 | 130507b######################000#0#####d | ||
| 003 | CEMS | ||
| 020 | |a 9500204142 | ||
| 082 | 0 | 4 | |a 571.6 |
| 100 | 1 | |a De Robertis, Eduardo M.f. | |
| 245 | 1 | 0 | |a Fundamentos de biología celular y molecular / |c Eduardo M. F. de Robertis ; josé Hib |
| 250 | |a 4a. ed. | ||
| 260 | |a Buenos Aires : |b El Ateneo | ||
| 300 | |a 442 p. | ||
| 505 | 0 | |a La célula -- Los componentes químicos de la célula -- Las membranas celulares. Permeabilidad de las membranas -- El citosol -- El citoesqueleto. Forma y motilidad -- La union de las células entre si y con la matriz extracelular -- El sistema de endomembranas. Digestión y secreción -- Las mitocondrias. Energía celular I -- Los clorosplastos. Energía celular II -- Los peroxisomas. Destoxificación celular -- La comunicación intercelular y la transmisión intracelular de señales -- El núcleo -- Los genes -- La transcripción del ADN -- El procesamiento del ARN -- La traducción del ARNm.Síntesis de proteínas -- La replicación del ADN. Mutación y reparación -- La mitosis. Control del ciclo celular -- La meiosis. Fecundación -- Las bases de la citogenética -- La diferenciación celular -- La muerte celular -- Los métodos de estudio en biología celular | |
| 653 | |a Biología | ||
| 653 | |a Biología celular | ||
| 653 | |a Biología molecular | ||
| 700 | 1 | |a Hib, José | |
| 859 | |a CEMS |b BIB. CEMS - 11 de abril |h 571.6 |i D447 |p 22892.05 |t Ej.1 | ||
